LIBRARY & INFORMATION CENTRE, KCAET, TAVANUR

ONLINE PUBLIC ACCESS CATALOGUE (OPAC)

Effective library exhibits / (Record no. 7644)

MARC details
000 -LEADER
fixed length control field 00415cam a2200169ua 4500
041 ## - LANGUAGE CODE
Language code of text/sound track or separate title eng
082 ## - DEWEY DECIMAL CLASSIFICATION NUMBER
Classification number 028.71
Item number COP/EF
100 ## - MAIN ENTRY--AUTHOR NAME
Personal name Coplan, Kate .
245 ## - TITLE STATEMENT
Title Effective library exhibits /
250 ## - EDITION STATEMENT
Edition statement 1 /
260 ## - PUBLICATION, DISTRIBUTION, ETC. (IMPRINT)
Place of publication New York :
Name of publisher Oceana Publications ,
Year of publication 1958.
300 ## - PHYSICAL DESCRIPTION
Number of Pages 126 ; .
500 ## - GENERAL NOTE
General note **Reference
942 ## - ADDED ENTRY ELEMENTS (KOHA)
Koha item type Books
Holdings
Withdrawn status Lost status Damaged status Home library Current library Date acquired Full call number Accession Number Koha item type
Withdrawn     KAUAET Sanskrit University 07/04/2012 028.71 701 Reference
free website counter